Carlos Hermosilla: artista ciudadano. Adelantado del arte de grabar

Guardat en:
Dades bibliogràfiques
Autor principal: Rivera Scott, Hugo (Autor)
Altres autors: Mellado Suazo, Justo Pastor (autor), Nordenflycht Concha, José de (autor), Madrid Letelier, Alberto (autor)
Format: Llibre
Idioma:espanyol
Publicat: Valparaíso Puntángeles 2003
Valparaíso Universidad de Playa Ancha 2003
Matèries:
Etiquetes: Afegir etiqueta
Sense etiquetes, Sigues el primer a etiquetar aquest registre!

MARC

LEADER 00000nam a2200000 a 4500
001 UCL5956
003 CL-VaPUC
008 040326e20030000cl |||||||||||||||||spa|d
020 |a 9567906998 
082 0 4 |a 769  |b RIV  |2 21 
100 0 |a Rivera Scott, Hugo  |e author  |9 468165 
700 |a Mellado Suazo, Justo Pastor  |e autor  |9 493615 
700 |a Nordenflycht Concha, José de  |e autor  |9 552753 
700 |a Madrid Letelier, Alberto  |e autor  |9 774397 
245 1 0 |a Carlos Hermosilla: artista ciudadano. Adelantado del arte de grabar 
300 |a 195 p 
942 |c BK 
945 |d 20040326 00:00:00  |a cmena 
260 |a Valparaíso  |b Puntángeles  |c 2003 
260 |a Valparaíso  |b Universidad de Playa Ancha  |c 2003 
600 0 |a Hermosilla, Carlos,  |d 1905-1991  |9 483661 
650 0 |a Grabados  |9 310822 
650 0 |a Artes plásticas  |9 268637 
650 0 |a Artistas chilenos  |9 344566 
583 |a last modification  |c 20171211 12:24:22  |k Rodrigo Vera 
999 |c 308272  |d 308270 
952 |0 0  |1 0  |4 0  |6 769_000000000000000_RIV_2003_2003  |7 0  |8 A  |9 374632  |a BIBARQ  |b BIBARQ  |d 2019-11-21  |i 3979393  |o 769 RIV 2003 2003  |p 3979393  |r 2025-01-20  |w 2019-11-21  |y BK  |k ARQ 
952 |0 0  |1 0  |4 0  |6 769_000000000000000_RIV_2003_2003  |7 0  |8 R  |9 374633  |a BIBART  |b BIBART  |d 2019-11-21  |i 4034090  |o 769 RIV 2003 2003  |p 4034090  |r 2025-03-13  |w 2019-11-21  |y BK_R  |k ART